055_ Personnalités nées un 24 février par images - Statistiques

Statistiques générales
  • Ce quiz a été pris 45 fois
  • Le résultat moyen est 4 sur 9
Statistiques - réponses
Par images Hint Réponse % Correct
Animateur Laurent Ruquier
88%
Homme d'affaires Steve Jobs
86%
Pilote automobile Alain Prost
69%
Chanteuse Santa
64%
Rappeur Médine
33%
Chanteur Plastic Bertrand
24%
Dirigeant Politique Charles Quint
14%
Humoriste Lamine Lezhgad / Naïm
5%
Écrivain Wilhelm Grimm
0%
Aucun quiz correspondant
Distribution des résultats
% des personnes avec chaque résultat
Percentile par nombre de réponses
Votre historique - résultats
Vous n’avez pas pris ce quiz